000 00752nam a2200217 a 4500
001 000045825
005 20251120073733.0
008 100910s1980 dr 000 0 spa d
040 _aDO-SdBNP
_bspa
_cBNPHU
082 _aRD864.44
_bI37p
100 1 _aIncháustegui Cabral, Héctor,
_d1912-1979
_921024
245 1 3 _aEl pozo muerto /
_cHéctor Inchaustegui Cabral.
260 _aSantiago, República Dominicana :
_bUCMM,
_c[1980].
300 _a202 p. ;
_c22 cm.
490 1 _aContemporáneas
590 _aPerteneció a la biblioteca personal de Erick Landestoy
650 0 _aEnsayos dominicanos
_965
650 0 _aLiteratura dominicana.
_967
710 2 _aPontificia Universidad Católica Madre y Maestra
_9843
830 0 _aContemporáneas
_973902
999 _c45314
_d45314